| 000 | 00676nam a2200181 i 4500 | ||
|---|---|---|---|
| 001 | 145560 | ||
| 003 | ES-MaACL | ||
| 005 | 20230906201246.0 | ||
| 007 | t| | ||
| 008 | 071015s1961 sp ||||1| spa d | ||
| 245 | 0 | 3 |
_aLa vida : _benciclopedia del mundo viviente. |
| 260 |
_aBarcelona : _bSalvat, _c[1961] |
||
| 300 |
_a5 v. : _bil. ; _c30 cm. |
||
| 505 | 8 | _aContiene: 1. El ser viviente (160 p.) - 2. El mundo animal (158 p.) - 3. El mundo vegetal (158 p.) - 4. El mundo de los microbios (158 p.) - 5. La máquina humana (160 p.) | |
| 650 | 4 |
_aCiencias naturales- _vEnciclopedias. _910986 |
|
| 650 | 4 |
_aBiología- _vEnciclopedias. _910583 |
|
| 852 | 4 |
_aES-MaACL _jP-1074-bis |
|
| 999 |
_c145560 _d145560 |
||